Industrial water supplies of Ohio; (Record no. 26433)
[ view plain ]
| 000 -LEADER | |
|---|---|
| fixed length control field | 00926cam a22002291 4500 |
| 001 - CONTROL NUMBER | |
| control field | gs 26000044 |
| 003 - CONTROL NUMBER IDENTIFIER | |
| control field | DLC |
| 005 - DATE AND TIME OF LATEST TRANSACTION | |
| control field | 20260227111330.0 |
| 008 - FIXED-LENGTH DATA ELEMENTS--GENERAL INFORMATION | |
| fixed length control field | 771214s1925 ohu s001 0 eng c |
| 010 ## - LIBRARY OF CONGRESS CONTROL NUMBER | |
| LC control number | gs 26000044 |
| 035 ## - SYSTEM CONTROL NUMBER | |
| System control number | (OCoLC)3489830 |
| 040 ## - CATALOGING SOURCE | |
| Original cataloging agency | U.S. Geol. Survey. Library |
| Transcribing agency | OWoC |
| Modifying agency | DLC |
| 042 ## - AUTHENTICATION CODE | |
| Authentication code | premarc |
| 050 00 - LIBRARY OF CONGRESS CALL NUMBER | |
| Classification number | TD224.O3 |
| Item number | F65 |
| 100 1# - MAIN ENTRY--PERSONAL NAME | |
| Personal name | Foulk, Charles William. |
| 245 10 - TITLE STATEMENT | |
| Title | Industrial water supplies of Ohio; |
| Remainder of title | with chapters on impurities in water, methods of analysis and the statement of results and their interpretation, the behavior of water in use, and the industrial purification of water, |
| Statement of responsibility, etc. | by C. W. Foulk. |
| 260 ## - PUBLICATION, DISTRIBUTION, ETC. | |
| Place of publication, distribution, etc. | Columbus, |
| -- | [Springfield, |
| Name of publisher, distributor, etc. | Printed by the Kelly-Springfield Co.] |
| Date of publication, distribution, etc. | 1925. |
| 300 ## - PHYSICAL DESCRIPTION | |
| Extent | 406 p. |
| Other physical details | tables. |
| Dimensions | 25 cm. |
| 490 0# - SERIES STATEMENT | |
| Series statement | Ohio. Geological survey. 4th ser. Bulletin 29 |
| 500 ## - GENERAL NOTE | |
| General note | At head of title: Geological Survey of Ohio. |
| 650 #0 - SUBJECT ADDED ENTRY--TOPICAL TERM | |
| Topical term or geographic name entry element | Water-supply |
| Geographic subdivision | Ohio. |
No items available.